[Event "FICS rated standard game"]
[Site "FICS freechess.org"]
[Date "2017.07.03"]
[Round "?"]
[White "elisabeth"]
[Black "NjexNjex"]
[Result "0-1"]
[WhiteElo "1940"]
[BlackElo "2104"]
[PlyCount "44"]
[EventDate "2017.??.??"]
[EventType "swiss"]

1. e4 c5 2. Nf3 d6 3. d4 cxd4 4. Nxd4 Nf6 5. Nc3 Nc6 6. Be2 e5 7. Nb3 Be7 8.
O-O Be6 9. Be3 a6 10. Bf3 O-O 11. g3 b5 12. a3 Rc8 13. Bg2 Na5 14. Nxa5 Qxa5
15. f4 Rfd8 16. f5 Bc4 17. Rf2 b4 18. Ne2 Ng4 19. Rf3 Nxe3 20. Rxe3 d5 21. axb4
Qxb4 22. c3 Qb6 0-1

[Event "Vaxjo SWE, Nordic Zonal 2017"]
[Site "Vaxjo SWE"]
[Date "2017.07.02"]
[Round "9.11"]
[White "Lindberg, Henrik"]
[Black "Blomqvist, Erik"]
[Result "0-1"]
[WhiteElo "2214"]
[BlackElo "2554"]
[PlyCount "74"]
[EventDate "2017.06.26"]
[EventType "swiss"]
[EventRounds "9"]
[EventCountry "SWE"]
[SourceTitle "OM OTB B 201907"]
[Source "Opening Master"]
[SourceDate "2019.07.06"]
[SourceVersion "2"]
[SourceVersionDate "2019.07.06"]
[SourceQuality "1"]

1. e4 c5 2. Nf3 d6 3. d4 cxd4 4. Nxd4 Nf6 5. Nc3 Nc6 6. Be2 e5 7. Nf3 h6 8. h3
Be7 9. O-O O-O 10. Re1 a6 11. Bf1 Qc7 12. Nd5 Nxd5 13. exd5 Nb8 14. c4 a5 15.
b3 Bf5 16. Bb2 Na6 17. a3 Rfe8 18. Bc3 Qb6 19. Re2 Nc5 20. b4 axb4 21. axb4 Ne4
22. Qb3 Nxc3 23. Qxc3 Rxa1 24. Qxa1 Qxb4 25. Rb2 Qc3 26. Qa4 Rc8 27. Rxb7 Bf6
28. Qb3 Qc1 29. Rb8 Rxb8 30. Qxb8+ Kh7 31. Qxd6 e4 32. Nh2 Bd4 33. Qg3 h5 34.
d6 g5 35. d7 Bxd7 36. Qd6 Qd2 37. Kh1 Qxf2 0-1

[Event "Icara BRA, Women Ch SF 2017"]
[Site "Icara BRA"]
[Date "2017.07.02"]
[Round "7.2"]
[White "Ichimura G Barbosa, Larissa Yuki"]
[Black "Alboredo, Julia"]
[Result "1/2-1/2"]
[WhiteElo "1974"]
[BlackElo "2072"]
[PlyCount "25"]
[EventDate "2017.06.29"]
[EventType "swiss"]
[EventRounds "7"]
[EventCountry "BRA"]
[SourceTitle "OM OTB B 201907"]
[Source "Opening Master"]
[SourceDate "2019.07.06"]
[SourceVersion "2"]
[SourceVersionDate "2019.07.06"]
[SourceQuality "1"]

1. e4 c5 2. Nf3 d6 3. d4 cxd4 4. Nxd4 Nf6 5. Nc3 Nc6 6. Be2 e5 7. Nb3 Be7 8.
Be3 O-O 9. O-O Be6 10. Qd2 d5 11. exd5 Nxd5 12. Nxd5 Qxd5 13. Qxd5 1/2-1/2

[Event "FICS rated lightning game"]
[Site "FICS freechess.org"]
[Date "2017.07.01"]
[Round "?"]
[White "Drukkarg"]
[Black "Tirado"]
[Result "1-0"]
[WhiteElo "2086"]
[BlackElo "2058"]
[PlyCount "33"]
[EventDate "2017.??.??"]
[EventType "swiss"]

1. e4 c5 2. Nc3 Nc6 3. Nf3 d6 4. d4 cxd4 5. Nxd4 Nf6 6. Be2 e5 7. Nxc6 bxc6 8.
O-O Be7 9. Kh1 O-O 10. f4 Nd7 11. Be3 exf4 12. Bxf4 Ne5 13. Bxe5 dxe5 14. Qxd8
Rxd8 15. Bc4 Bg4 16. Rxf7 Rd3 17. Rxe7+ 1-0

[Event "Achaia GRE, Ch U16 (b) 2017"]
[Site "Achaia GRE"]
[Date "2017.06.28"]
[Round "4.15"]
[White "Gkikas, Ioannis"]
[Black "Lamprou, Konstantinos-Georgi"]
[Result "1-0"]
[WhiteElo "1546"]
[BlackElo "1634"]
[PlyCount "55"]
[EventDate "2017.06.26"]
[EventType "swiss"]
[EventRounds "7"]
[EventCountry "GRE"]
[SourceTitle "OM OTB B 201907"]
[Source "Opening Master"]
[SourceDate "2019.07.06"]
[SourceVersion "2"]
[SourceVersionDate "2019.07.06"]
[SourceQuality "1"]

1. e4 c5 2. Nf3 Nc6 3. d4 cxd4 4. Nxd4 Nf6 5. Nc3 d6 6. Be2 e5 7. Nxc6 bxc6 8.
Qd3 Be7 9. O-O O-O 10. Rd1 Qc7 11. Qg3 Rd8 12. Kh1 d5 13. Bh6 g6 14. exd5 cxd5
15. Bf3 Bb7 16. Re1 d4 17. Nb5 Qb8 18. Bxb7 Qxb7 19. Qxe5 Rd5 20. Qc7 Rxb5 21.
Rxe7 Qxc7 22. Rxc7 Rxb2 23. h3 Ne4 24. Re1 Re8 25. Rxe4 Rbb8 26. Rxd4 Rec8 27.
Rcd7 f5 28. Rg7+ 1-0

[Event "Montcada op-C 25th"]
[Site "Montcada"]
[Date "2017.06.28"]
[Round "3"]
[White "Maqueda Berdugo, Francisco"]
[Black "Cruz Jimenez, Miguel"]
[Result "1-0"]
[WhiteElo "1733"]
[BlackElo "1534"]
[PlyCount "29"]
[EventDate "2017.06.26"]
[EventType "swiss"]
[EventRounds "9"]
[EventCountry "ESP"]
[SourceTitle "OM OTB B 201907"]
[Source "Opening Master"]
[SourceDate "2019.07.06"]
[SourceVersion "2"]
[SourceVersionDate "2019.07.06"]
[SourceQuality "1"]

1. e4 c5 2. Nf3 d6 3. d4 cxd4 4. Nxd4 Nc6 5. Nc3 Nf6 6. Be2 e5 7. Nb3 Be6 8.
O-O Be7 9. f4 O-O 10. f5 Bxb3 11. axb3 a6 12. g4 b5 13. Nd5 Nxe4 14. Nxe7+ Qxe7
15. Qd5 1-0

[Event "FICS rated blitz game"]
[Site "FICS freechess.org"]
[Date "2017.06.28"]
[Round "?"]
[White "Saaker"]
[Black "SpendingTime"]
[Result "1-0"]
[WhiteElo "2055"]
[BlackElo "2204"]
[PlyCount "61"]
[EventDate "2017.??.??"]
[EventType "blitz"]

1. e4 c5 2. Nf3 d6 3. d4 cxd4 4. Nxd4 Nf6 5. Nc3 Nc6 6. Be2 e5 7. Nxc6 bxc6 8.
O-O Be7 9. f4 O-O 10. Kh1 Qa5 11. Bd2 Qb6 12. Rb1 Rb8 13. Qc1 Ng4 14. Bxg4 Bxg4
15. Be3 Qa6 16. h3 Be6 17. f5 Bc4 18. Rf3 d5 19. Qe1 d4 20. f6 Bxf6 21. Rxf6
dxc3 22. Qg3 Qxa2 23. Bh6 Qxb1+ 24. Kh2 g6 25. Qxe5 Rb7 26. Rxc6 f6 27. Qc5
Rbb8 28. Qxc4+ Kh8 29. Rc7 Qh1+ 30. Kxh1 Rf7 31. Qxf7 1-0

[Event "Kosice SVK, 9th Kotan Mem"]
[Site "Kosice SVK"]
[Date "2017.06.26"]
[Round "4.4"]
[White "Jurcisin, Imrich"]
[Black "Balazs, Ladislav"]
[Result "1/2-1/2"]
[WhiteElo "2033"]
[BlackElo "2104"]
[PlyCount "125"]
[EventDate "2017.06.24"]
[EventType "swiss"]
[EventRounds "9"]
[EventCountry "SVK"]
[SourceTitle "OM OTB B 201907"]
[Source "Opening Master"]
[SourceDate "2019.07.06"]
[SourceVersion "2"]
[SourceVersionDate "2019.07.06"]
[SourceQuality "1"]

1. e4 c5 2. Nf3 d6 3. d4 cxd4 4. Nxd4 Nf6 5. Nc3 Nc6 6. Be2 e5 7. Nb3 Be6 8.
O-O a5 9. a4 Be7 10. f4 Qb6+ 11. Kh1 O-O 12. f5 Bxb3 13. cxb3 Nb4 14. Bc4 Rfd8
15. Qf3 Nc2 16. Rb1 Nd4 17. Qd1 Qc7 18. Bg5 Rdc8 19. Bxf6 Bxf6 20. Nd5 Qd8 21.
Qh5 Rc5 22. Rbc1 Rac8 23. Rc3 h6 24. Rg3 Kf8 25. Ne3 R8c7 26. Ng4 Rxc4 27. bxc4
Ne2 28. Rd3 Nf4 29. Rxf4 exf4 30. e5 Rxc4 31. Nxf6 Rc1+ 32. Rd1 Rxd1+ 33. Qxd1
gxf6 34. exd6 Qd7 35. h3 Ke8 36. Qe1+ Kf8 37. Qxa5 Qxd6 38. Qa8+ Kg7 39. Qxb7
Qd1+ 40. Kh2 Qxa4 41. Qd5 Qb4 42. b3 Qb8 43. Qf3 Qd6 44. Kh1 Qe5 45. Qd3 h5 46.
Kg1 Kh6 47. Kf2 Kg5 48. g3 fxg3+ 49. Qxg3+ Kxf5 50. Qd3+ Ke6 51. Qc4+ Ke7 52.
h4 Qh2+ 53. Kf3 Qh3+ 54. Kf2 f5 55. Qe2+ Kf6 56. Qxh5 Qxb3 57. Qg5+ Ke5 58.
Qe3+ Qxe3+ 59. Kxe3 f4+ 60. Kf3 Kf5 61. h5 Kg5 62. h6 Kxh6 63. Kxf4 1/2-1/2

[Event "Caparica POR, 2nd Open"]
[Site "Caparica POR"]
[Date "2017.06.24"]
[Round "5.6"]
[White "Sismeiro, Miguel"]
[Black "Lopes, Joao Pedro"]
[Result "0-1"]
[WhiteElo "1581"]
[BlackElo "2046"]
[PlyCount "120"]
[EventDate "2017.06.21"]
[EventType "swiss"]
[EventRounds "9"]
[EventCountry "POR"]
[SourceTitle "OM OTB B 201907"]
[Source "Opening Master"]
[SourceDate "2019.07.06"]
[SourceVersion "2"]
[SourceVersionDate "2019.07.06"]
[SourceQuality "1"]

1. e4 c5 2. Nf3 Nc6 3. d4 cxd4 4. Nxd4 Nf6 5. Nc3 d6 6. Be2 e5 7. Nb3 a6 8. O-O
Be7 9. Kh1 O-O 10. f4 Be6 11. f5 Bxb3 12. axb3 b5 13. Bf3 Nd4 14. Be3 Nxf3 15.
Qxf3 b4 16. Ne2 d5 17. Ng3 d4 18. Bg5 Qd6 19. Nh5 Nxh5 20. Bxe7 Qxe7 21. Qxh5
Qf6 22. Qe2 Rfc8 23. Ra5 h6 24. Rfa1 Kh7 25. Qd3 Rc6 26. Kg1 Rac8 27. Rxa6 Rxa6
28. Rxa6 Qg5 29. Ra1 Qe7 30. Kf1 Qc5 31. Rc1 Qa5 32. Rb1 Qa2 33. Qd1 Qa6+ 34.
Kg1 Qc6 35. Qd2 Qxe4 36. Re1 Rxc2 37. Rxe4 Rxd2 38. Rxe5 Rxb2 39. Rd5 Rxb3 40.
Rxd4 Rb2 41. h3 b3 42. Rb4 h5 43. Kf1 Kh6 44. h4 Rb1+ 45. Kf2 b2 46. Rb6+ g6
47. fxg6 fxg6 48. Ke2 Rg1 49. Kf2 b1=Q 50. Rxb1 Rxb1 51. Kf3 g5 52. hxg5+ Kxg5
53. Kg3 Rb3+ 54. Kh2 Kg4 55. g3 Rxg3 56. Kh1 Ra3 57. Kg2 h4 58. Kh2 Ra2+ 59.
Kg1 Kg3 60. Kh1 Ra1# 0-1

[Event "Tres Cantos op 9th"]
[Site "Tres Cantos"]
[Date "2017.06.24"]
[Round "3"]
[White "Garcia Prados, David"]
[Black "Anton Veiga, Juan Carlos"]
[Result "0-1"]
[WhiteElo "1924"]
[BlackElo "2096"]
[PlyCount "66"]
[EventDate "2017.06.22"]
[EventType "swiss"]
[EventRounds "9"]
[EventCountry "ESP"]
[SourceTitle "OM OTB B 201907"]
[Source "Opening Master"]
[SourceDate "2019.07.06"]
[SourceVersion "2"]
[SourceVersionDate "2019.07.06"]
[SourceQuality "1"]

1. e4 c5 2. Nf3 d6 3. d4 cxd4 4. Nxd4 Nf6 5. Nc3 Nc6 6. Be2 e5 7. Nb3 a5 8. a4
Be7 9. O-O O-O 10. Be3 Nb4 11. Bf3 Be6 12. Qd2 Rc8 13. Rac1 Ng4 14. Bxg4 Bxg4
15. f3 Be6 16. Rfd1 Ra8 17. Qf2 Ra6 18. Nc5 Rc6 19. Nb5 Qa8 20. Nxe6 fxe6 21.
c3 Na6 22. Na7 Rc4 23. b3 Rxe4 24. Nb5 d5 25. Kh1 Rg4 26. Qe2 Rg6 27. Bb6 Rf5
28. Nc7 Qb8 29. Nxa6 bxa6 30. Qxa6 Rh5 31. Qxa5 Qf8 32. Bg1 Rgh6 33. Qa7 Qf4
0-1

[Event "FICS rated standard game"]
[Site "FICS freechess.org"]
[Date "2017.06.24"]
[Round "?"]
[White "sentiger"]
[Black "GriffyJr"]
[Result "0-1"]
[WhiteElo "1983"]
[BlackElo "2039"]
[PlyCount "122"]
[EventDate "2017.??.??"]
[EventType "swiss"]

1. e4 c5 2. Nf3 Nc6 3. d4 cxd4 4. Nxd4 Nf6 5. Nc3 d6 6. Be2 e5 7. Nb3 Be7 8.
Be3 O-O 9. f3 Be6 10. Qd2 Qd7 11. O-O-O Nb4 12. Kb1 a5 13. Bb5 Qc7 14. g4 Bc4
15. Bxc4 Qxc4 16. a3 a4 17. Nc1 Nc6 18. Nd5 Nxd5 19. Qxd5 b5 20. Rd2 Qxd5 21.
exd5 Na5 22. b3 Rfc8 23. Kb2 axb3 24. cxb3 Nb7 25. Nd3 Bf6 26. Ka2 g6 27. h4
Rc3 28. h5 b4 29. a4 Na5 30. Rb1 Rac8 31. h6 Be7 32. g5 f5 33. gxf6 Bxf6 34.
Bb6 Bg5 35. Rdd1 Nb7 36. a5 Bxh6 37. a6 Ra8 38. Nxb4 Rxf3 39. Rb2 Kf7 40. Kb1
Nd8 41. a7 Nb7 42. Na6 Rc3 43. Rc2 Rxb3+ 44. Rb2 Rxb6 45. Rxb6 Rxa7 46. Rd3 Bf4
47. Rc3 Na5 48. Rxd6 e4 49. Re6 e3 50. Kc2 e2 51. Rf3 g5 52. Rxf4+ gxf4 53. Kd2
Nb3+ 54. Ke1 f3 55. Kf2 Re7 56. Rxe7+ Kxe7 57. Nb4 Kd6 58. Nd3 Nd4 59. Nf4 Kc5
60. Ke1 Nc2+ 61. Kd2 e1=Q+ 0-1

[Event "Caparica POR, 2nd Open"]
[Site "Caparica POR"]
[Date "2017.06.22"]
[Round "2.6"]
[White "Goncalves, Gabriel Sobral"]
[Black "Lopes, Joao Pedro"]
[Result "1/2-1/2"]
[WhiteElo "1617"]
[BlackElo "2046"]
[PlyCount "87"]
[EventDate "2017.06.21"]
[EventType "swiss"]
[EventRounds "9"]
[EventCountry "POR"]
[SourceTitle "OM OTB B 201907"]
[Source "Opening Master"]
[SourceDate "2019.07.06"]
[SourceVersion "2"]
[SourceVersionDate "2019.07.06"]
[SourceQuality "1"]

1. e4 c5 2. Nf3 Nc6 3. d4 cxd4 4. Nxd4 Nf6 5. Nc3 d6 6. Be2 e5 7. Nb3 Be7 8.
O-O O-O 9. Be3 Be6 10. h3 a6 11. a4 Bxb3 12. cxb3 Rc8 13. Rc1 Nb4 14. Qd2 Rxc3
15. bxc3 Nxe4 16. Qb2 Nd5 17. Bd2 Bg5 18. Bxg5 Nxg5 19. h4 Nh3+ 20. gxh3 Qxh4
21. Bf3 Nf4 22. Bg2 Qg5 23. f3 Nxh3+ 24. Kh2 Nf4 25. Rcd1 d5 26. Qf2 f5 27. Bh3
Nxh3 28. Kxh3 Rf6 29. Qg3 Qh5+ 30. Qh4 Qf7 31. Kg2 g5 32. Qg3 f4 33. Qg4 h5 34.
Qc8+ Kg7 35. Qd8 d4 36. cxd4 e4 37. fxe4 f3+ 38. Kg1 f2+ 39. Kg2 Qe6 40. Qc7+
Kh6 41. Rxf2 Qxe4+ 42. Kf1 Qh1+ 43. Ke2 Qe4+ 44. Kf1 1/2-1/2

[Event "IBCA-ol blind 15th"]
[Site "Ohrid"]
[Date "2017.06.21"]
[Round "3.4"]
[White "Pergar, Lovro"]
[Black "Riegler, Dieter"]
[Result "1/2-1/2"]
[WhiteElo "1527"]
[BlackElo "2015"]
[PlyCount "54"]
[EventDate "2017.06.19"]
[EventType "team-swiss"]
[EventRounds "9"]
[EventCountry "MKD"]
[SourceTitle "OM OTB B 201907"]
[Source "Opening Master"]
[SourceDate "2019.07.06"]
[SourceVersion "2"]
[SourceVersionDate "2019.07.06"]
[SourceQuality "1"]
[WhiteTeam "Croatia"]
[BlackTeam "Germany"]
[WhiteTeamCountry "CRO"]
[BlackTeamCountry "GER"]

1. e4 c5 2. Nf3 d6 3. d4 cxd4 4. Nxd4 Nf6 5. Nc3 Nc6 6. Be2 e5 7. Nf3 h6 8. O-O
Be7 9. h3 Be6 10. Re1 Rc8 11. Bf1 Nb8 12. a4 O-O 13. Na2 Qc7 14. Nc3 a6 15. Re3
Nbd7 16. b3 Qc6 17. Nd2 d5 18. exd5 Nxd5 19. Nxd5 Bxd5 20. Nc4 Bc5 21. Rg3 Kh7
22. Qh5 Rce8 23. Qg4 Rg8 24. Bb2 b5 25. axb5 axb5 26. Na5 Qe6 27. Qxe6 Bxe6
1/2-1/2

[Event "Voronezh op-A 21st"]
[Site "Voronezh"]
[Date "2017.06.20"]
[Round "8"]
[White "Michelle, Catherina P"]
[Black "Nazaretyan, Tigran"]
[Result "1/2-1/2"]
[WhiteElo "2157"]
[BlackElo "2328"]
[PlyCount "150"]
[EventDate "2017.06.12"]
[EventType "swiss"]
[EventRounds "9"]
[EventCountry "RUS"]
[SourceTitle "OM OTB B 201907"]
[Source "Opening Master"]
[SourceDate "2019.07.06"]
[SourceVersion "2"]
[SourceVersionDate "2019.07.06"]
[SourceQuality "1"]

1. e4 c5 2. Nf3 Nc6 3. d4 cxd4 4. Nxd4 Nf6 5. Nc3 d6 6. Be2 e5 7. Nf3 h6 8. O-O
Be7 9. Re1 O-O 10. Bf1 Bg4 11. h3 Bh5 12. Bc4 Rc8 13. Bb3 Na5 14. Qd3 Nxb3 15.
axb3 a6 16. Nh2 Bg6 17. Qd1 Kh7 18. Nf1 Qb6 19. Ra4 Qc6 20. Rc4 Qd7 21. Ne3
Rxc4 22. Nxc4 Qc6 23. f3 Rc8 24. Ne3 b5 25. g4 b4 26. Ncd5 Nxd5 27. Nxd5 Bh4
28. Re2 a5 29. Be3 Qb5 30. Rd2 Bd8 31. Kg2 Rc6 32. Bf2 Qb7 33. Ne3 Qc7 34. Nc4
Be7 35. Qa1 f6 36. Qa4 Bf7 37. Ne3 Bd8 38. Qb5 Be6 39. Qd3 Qc8 40. Nd5 Qa6 41.
Qxa6 Rxa6 42. Ne3 Rc6 43. Nf5 Bc7 44. Be3 g6 45. Ne7 Ra6 46. f4 exf4 47. Bxf4
Kg7 48. Kf3 Kf7 49. Nd5 Bd8 50. c3 bxc3 51. bxc3 h5 52. c4 Rc6 53. Nc3 Be7 54.
Ra2 Rb6 55. Nb5 d5 56. Bc7 Rb7 57. exd5 Bxd5+ 58. cxd5 Rxb5 59. d6 Rxb3+ 60.
Kg2 hxg4 61. hxg4 Rb4 62. Kf3 a4 63. Re2 Rb3+ 64. Kf2 Bxd6 65. Bxd6 g5 66. Ra2
Rd3 67. Bc5 Rd5 68. Bb6 Rb5 69. Bd4 Rb4 70. Rd2 Kg6 71. Rd3 a3 72. Ba1 Rxg4 73.
Rxa3 Rc4 74. Ra6 Rf4+ 75. Kg3 Rf1 1/2-1/2

[Event "Medellin COL, 12th Continental Ch"]
[Site "Medellin COL"]
[Date "2017.06.18"]
[Round "11.76"]
[White "Estrada, Walter"]
[Black "Silva, Enmanuel"]
[Result "0-1"]
[WhiteElo "1982"]
[BlackElo "2119"]
[PlyCount "78"]
[EventDate "2017.06.10"]
[EventType "swiss"]
[EventRounds "11"]
[EventCountry "COL"]
[SourceTitle "OM OTB B 201907"]
[Source "Opening Master"]
[SourceDate "2019.07.06"]
[SourceVersion "2"]
[SourceVersionDate "2019.07.06"]
[SourceQuality "1"]

1. e4 c5 2. Nf3 Nc6 3. d4 cxd4 4. Nxd4 Nf6 5. Nc3 d6 6. Be2 e5 7. Nb3 h6 8. Be3
Be6 9. O-O Be7 10. Bf3 O-O 11. Qe2 Rc8 12. Rfd1 Qc7 13. Rd2 a6 14. a4 Nb4 15.
Rc1 Rfd8 16. g3 d5 17. Nxd5 Nfxd5 18. exd5 Nxd5 19. Bxd5 Bxd5 20. Rcd1 Qc6 21.
Na5 Qe6 22. c4 Be4 23. f3 Rxd2 24. Rxd2 Bg6 25. Rd5 e4 26. f4 b6 27. Nb3 Qc6
28. f5 Bh7 29. Nd2 Qxa4 30. Bxb6 Qa1+ 31. Nf1 Qb1 32. Bd4 e3 33. Bc3 Bxf5 34.
Rd1 Qe4 35. Rd4 Qe6 36. Rd5 Bc5 37. Rxc5 Rxc5 38. Qxe3 Rxc4 39. Qf2 Re4 0-1

[Event "Rhein Main op-A 20th"]
[Site "Bad Homburg"]
[Date "2017.06.18"]
[Round "7"]
[White "Poetschke, Wolfgang"]
[Black "Schneider, Wolfram"]
[Result "1/2-1/2"]
[WhiteElo "2086"]
[BlackElo "1941"]
[PlyCount "38"]
[EventDate "2017.06.14"]
[EventType "swiss"]
[EventRounds "7"]
[EventCountry "GER"]
[SourceTitle "OM OTB B 201907"]
[Source "Opening Master"]
[SourceDate "2019.07.06"]
[SourceVersion "2"]
[SourceVersionDate "2019.07.06"]
[SourceQuality "1"]

1. e4 c5 2. Nf3 Nc6 3. d4 cxd4 4. Nxd4 Nf6 5. Nc3 d6 6. Be2 e5 7. Nb3 Be7 8.
O-O a5 9. a4 O-O 10. Be3 Be6 11. Bf3 Nb4 12. Qe2 Rc8 13. Rfd1 Nd7 14. Rac1 Rxc3
15. bxc3 Na2 16. Qd3 Nxc1 17. Bxc1 Qc7 18. Be2 Rc8 19. Bd2 b6 1/2-1/2

[Event "Gaia op 17th"]
[Site "Vila Nova de Gaia"]
[Date "2017.06.16"]
[Round "4"]
[White "Sismeiro, Miguel"]
[Black "Mendes, Pedro Miguel Gomes"]
[Result "1/2-1/2"]
[WhiteElo "1528"]
[BlackElo "1867"]
[PlyCount "153"]
[EventDate "2017.06.14"]
[EventType "swiss"]
[EventRounds "7"]
[EventCountry "POR"]
[SourceTitle "OM OTB B 201907"]
[Source "Opening Master"]
[SourceDate "2019.07.06"]
[SourceVersion "2"]
[SourceVersionDate "2019.07.06"]
[SourceQuality "1"]

1. e4 c5 2. Nf3 Nc6 3. d4 cxd4 4. Nxd4 Nf6 5. Nc3 d6 6. Be2 e5 7. Nb3 Be7 8.
O-O Be6 9. Kh1 d5 10. exd5 Nxd5 11. Ne4 b6 12. Bb5 Rc8 13. Qh5 O-O 14. Bxc6
Rxc6 15. Qxe5 Nf6 16. Nd4 Rxc2 17. Nxe6 fxe6 18. Qxe6+ Kh8 19. Qb3 Re2 20. Nc3
Re5 21. Bf4 Rc5 22. Rad1 Qe8 23. Bg3 Qg6 24. Rfe1 Re8 25. Rxe7 Rxe7 26. Bd6
Rce5 27. Bxe7 Rxe7 28. Nd5 Nxd5 29. Qxd5 Qe8 30. g3 h6 31. Qd8 Qxd8 32. Rxd8+
Kh7 33. Rd2 Kg6 34. Kg2 Kf5 35. f4 g5 36. fxg5 hxg5 37. Rf2+ Kg6 38. Kf3 Kf5
39. g4+ Kg6 40. Re2 Rf7+ 41. Kg3 Rd7 42. Re3 Kf6 43. h4 gxh4+ 44. Kxh4 Rh7+ 45.
Kg3 Rd7 46. Kf4 Rd4+ 47. Re4 Rd2 48. g5+ Kf7 49. Kf5 Rf2+ 50. Kg4 Rxb2 51. Ra4
a5 52. Ra3 Rb4+ 53. Kf5 a4 54. Rc3 Rb5+ 55. Kg4 Rb2 56. Rc7+ Kg6 57. Rc6+ Kf7
58. Kf5 Rf2+ 59. Kg4 Rg2+ 60. Kf5 Rf2+ 61. Kg4 b5 62. Rb6 Rg2+ 63. Kf5 Rf2+ 64.
Kg4 Rb2 65. Kf5 Rf2+ 66. Kg4 Rg2+ 67. Kf5 Rf2+ 68. Kg4 Rxa2 69. Rxb5 a3 70. Rb1
Rb2 71. Ra1 Rb4+ 72. Kf3 Ra4 73. Ke3 a2 74. Kd3 Kg6 75. Kc3 Kxg5 76. Kb3 Ra6
77. Rxa2 1/2-1/2

[Event "Medellin COL, 12th Continental Ch"]
[Site "Medellin COL"]
[Date "2017.06.11"]
[Round "3.77"]
[White "Moyses Sobrinho, Elias"]
[Black "Saladen Dulce, Rafael"]
[Result "0-1"]
[WhiteElo "1938"]
[BlackElo "2155"]
[PlyCount "52"]
[EventDate "2017.06.10"]
[EventType "swiss"]
[EventRounds "11"]
[EventCountry "COL"]
[SourceTitle "OM OTB B 201907"]
[Source "Opening Master"]
[SourceDate "2019.07.06"]
[SourceVersion "2"]
[SourceVersionDate "2019.07.06"]
[SourceQuality "1"]

1. e4 c5 2. Nf3 d6 3. d4 cxd4 4. Nxd4 Nf6 5. Nc3 Nc6 6. Be2 e5 7. Nxc6 bxc6 8.
O-O Be7 9. Be3 O-O 10. h3 d5 11. exd5 cxd5 12. Bg5 d4 13. Bxf6 Bxf6 14. Ne4 Be7
15. Bc4 Bb7 16. Ng3 Kh8 17. Nf5 Bf6 18. Qg4 Qc7 19. Bd3 g6 20. Ng3 Bg7 21. Rfe1
f5 22. Qe2 e4 23. Bc4 f4 24. Nf1 f3 25. gxf3 Rxf3 26. Nh2 Rxh3 0-1

[Event "Medellin COL, 12th Continental Ch"]
[Site "Medellin COL"]
[Date "2017.06.10"]
[Round "1.110"]
[White "Romero Kries, Mario Andres"]
[Black "Saladen Dulce, Rafael"]
[Result "0-1"]
[WhiteElo "1638"]
[BlackElo "2155"]
[PlyCount "85"]
[EventDate "2017.06.10"]
[EventType "swiss"]
[EventRounds "11"]
[EventCountry "COL"]
[SourceTitle "OM OTB B 201907"]
[Source "Opening Master"]
[SourceDate "2019.07.06"]
[SourceVersion "2"]
[SourceVersionDate "2019.07.06"]
[SourceQuality "1"]

1. e4 c5 2. Nf3 d6 3. d4 cxd4 4. Nxd4 Nf6 5. Nc3 Nc6 6. Be2 e5 7. Ndb5 a6 8.
Na3 b5 9. Nd5 Nxd5 10. exd5 Nd4 11. Be3 Nxe2 12. Qxe2 Be7 13. O-O O-O 14. c4
bxc4 15. Nxc4 Rb8 16. b3 Rb5 17. Rad1 Bb7 18. Na3 Rxd5 19. Rxd5 Bxd5 20. Rd1
Qa8 21. f3 Rc8 22. Nc4 Bxc4 23. bxc4 Qc6 24. Rc1 Bd8 25. Qb2 Bc7 26. h3 Rb8 27.
Qd2 Bb6 28. Kh2 Bxe3 29. Qxe3 f6 30. Qd2 Rc8 31. a3 Qc5 32. Rd1 Rc6 33. Qa2 a5
34. Qb3 Qxc4 35. Qb8+ Kf7 36. Rxd6 Qf4+ 37. Kg1 Rc1+ 38. Kf2 Qh4+ 39. g3 Rc2+
40. Ke3 Qg5+ 41. Ke4 f5+ 42. Kxe5 Qe3+ 43. Kxf5 0-1

[Event "FRM-ch U16"]
[Site "Struga"]
[Date "2017.06.10"]
[Round "1"]
[White "Kosteski, Mile"]
[Black "Risteski, Emil"]
[Result "1/2-1/2"]
[WhiteElo "1646"]
[BlackElo "1874"]
[PlyCount "43"]
[EventDate "2017.06.10"]
[EventType "tourn"]
[EventRounds "7"]
[EventCountry "MKD"]
[SourceTitle "OM OTB B 201907"]
[Source "Opening Master"]
[SourceDate "2019.07.06"]
[SourceVersion "2"]
[SourceVersionDate "2019.07.06"]
[SourceQuality "1"]

1. e4 c5 2. Nf3 d6 3. d4 cxd4 4. Nxd4 Nf6 5. Nc3 Nc6 6. Be2 e5 7. Nf3 h6 8. O-O
Be6 9. h3 Be7 10. Be3 O-O 11. Nh2 a6 12. Kh1 b5 13. a3 Na5 14. f4 Bc4 15. f5
Bxe2 16. Qxe2 Nc4 17. Bc1 Rc8 18. Qf3 Kh8 19. Ng4 Nxg4 20. hxg4 Bg5 21. Rf2
Bxc1 22. Rxc1 1/2-1/2

[Event "FICS rated lightning game"]
[Site "FICS freechess.org"]
[Date "2017.06.10"]
[Round "?"]
[White "hastrman"]
[Black "TogaRouter"]
[Result "0-1"]
[WhiteElo "1660"]
[BlackElo "2539"]
[PlyCount "98"]
[EventDate "2017.??.??"]
[EventType "swiss"]

1. e4 c5 2. Nf3 d6 3. d4 cxd4 4. Nxd4 Nf6 5. Nc3 Nc6 6. Be2 e5 7. Nf3 h6 8. O-O
Be7 9. Re1 O-O 10. h3 Be6 11. Bf1 Qa5 12. Bd2 Qd8 13. Bc1 Nb8 14. Nd5 Nbd7 15.
Bc4 Rc8 16. Qd3 Bxd5 17. Bxd5 Nxd5 18. Qxd5 Rxc2 19. Qxb7 Qb6 20. Qxb6 axb6 21.
Rd1 f5 22. Ne1 Re2 23. exf5 Rxf5 24. g4 Rfxf2 25. b4 Rh2 26. a4 Rxh3 27. Ra3
Rxa3 28. Bxa3 Ra2 29. Rd3 Ra1 30. Kf1 Bh4 31. Rxd6 Rxe1+ 32. Kg2 Nf6 33. Rxb6
Re2+ 34. Kf3 Rf2+ 35. Ke3 Nd5+ 36. Ke4 Nxb6 37. a5 Nc4 38. Bc1 Rf1 39. Bxh6
gxh6 40. a6 Ra1 41. b5 Nd6+ 42. Kd5 e4 43. Kxd6 e3 44. a7 e2 45. b6 e1=Q 46.
Kc7 Rc1+ 47. Kb7 Qe4+ 48. Ka6 Qc4+ 49. Kb7 Qc8# 0-1

[Event "POR Cup 39th"]
[Site "Portugal"]
[Date "2017.05.27"]
[Round "3.6"]
[White "Amaro, Cristiano Guilherme"]
[Black "Santos, Marco"]
[Result "0-1"]
[WhiteElo "1960"]
[BlackElo "1979"]
[PlyCount "56"]
[EventDate "2017.03.11"]
[EventType "team-k.o."]
[EventRounds "6"]
[EventCountry "POR"]
[SourceTitle "OM OTB B 201907"]
[Source "Opening Master"]
[SourceDate "2019.07.06"]
[SourceVersion "2"]
[SourceVersionDate "2019.07.06"]
[SourceQuality "1"]
[WhiteTeam "Lisbon EDP"]
[BlackTeam "Galitos"]
[WhiteTeamCountry "POR"]
[BlackTeamCountry "POR"]

1. e4 c5 2. Nf3 d6 3. d4 cxd4 4. Nxd4 Nf6 5. Nc3 Nc6 6. Be2 e5 7. Nb3 Be7 8.
O-O O-O 9. f4 a5 10. Be3 a4 11. Nd2 d5 12. exd5 Nxd5 13. Nxd5 Qxd5 14. Bf3 Qb5
15. Qc1 Bc5 16. Bxc5 Qxc5+ 17. Kh1 exf4 18. Bxc6 Qxc6 19. Rxf4 Re8 20. Rf2 Qc5
21. Rf3 Re2 22. Qd1 Qe7 23. Nc4 Bg4 24. Rg3 Re8 25. Qf1 Re1 26. Rxe1 Qxe1 27.
Kg1 Qxf1+ 28. Kxf1 Be2+ 0-1